logo

Bir Sreshtho Munshi Abdur Rouf Library
Jhenaidah Cadet College

Reaching people : (Record no. 7965)

MARC details
000 -LEADER
fixed length control field 01108nam a2200349 i 4500
001 - CONTROL NUMBER
JCCL Control Number 7965
003 - CONTROL NUMBER IDENTIFIER
JCCL marc code MCM
005 - DATE AND TIME OF LATEST TRANSACTION
control field 20180217091252.0
008 - FIXED-LENGTH DATA ELEMENTS--GENERAL INFORMATION
fixed length control field 780914s1978 caua b 001 0 eng
020 ## - INTERNATIONAL STANDARD BOOK NUMBER
International Standard Book Number 0803908172.
-- 0803908180
035 ## - SYSTEM CONTROL NUMBER
system control number MITb10091184
035 ## - SYSTEM CONTROL NUMBER
system control number (OCoLC)04203005
035 ## - SYSTEM CONTROL NUMBER
system control number GLIS00091184
040 ## - CATALOGING SOURCE
Original cataloging agency DLC
Transcribing agency DLC
Modifying agency MYG
-- (BD-JhCC)7965
041 ## - LANGUAGE CODE
Language code of Book eng
050 0# - LIBRARY OF CONGRESS CALL NUMBER
Classification number HV40
Item number .R34
082 ## - DEWEY DECIMAL CLASSIFICATION NUMBER
Classification number 361
Author mark and Year REA 1978
099 ## - LOCAL FREE-TEXT CALL NUMBER
Classification number HV40.R34
245 00 - TITLE STATEMENT
Title Reaching people :
Remainder of title the structure of neighborhood services /
Statement of responsibility, etc editors, Daniel Thursz and Joseph L. Vigilante.
260 ## - PUBLICATION, DISTRIBUTION, ETC. (IMPRINT)
Place of publication, distribution, etc Beverly Hills, Calif. :
Name of publisher, distributor, etc Sage Publications,
Date of publication, distribution, etc c1978.
300 ## - PHYSICAL DESCRIPTION
Pagination 277 p. :
Other physical details ill. ;
Dimensions 22 cm.
490 1# - SERIES STATEMENT
Series statement Social service delivery systems ; v. 3
504 ## - BIBLIOGRAPHY, ETC. NOTE
Bibliography, etc Includes bibliographies and index.
650 #0 - SUBJECT ADDED ENTRY--TOPICAL TERM
Topical term or geographic name as entry element Social work administration.
650 #0 - SUBJECT ADDED ENTRY--TOPICAL TERM
Topical term or geographic name as entry element Public welfare administration.
650 #0 - SUBJECT ADDED ENTRY--TOPICAL TERM
Topical term or geographic name as entry element Neighborhoods.
700 1# - ADDED ENTRY--PERSONAL NAME
Personal name Thursz, Daniel.
700 1# - ADDED ENTRY--PERSONAL NAME
Personal name Vigilante, Joseph L.
830 #0 - SERIES ADDED ENTRY--UNIFORM TITLE
Uniform title Social service delivery systems ;
Volume number/sequential designation v. 3.
942 ## - ADDED ENTRY ELEMENTS (KOHA)
Source of classification or shelving scheme Dewey Decimal Classification
Koha item type Books
Holdings
Source of classification or shelving scheme Damaged status Not for loan Home library Current library Shelving location Date of accession Total Checkouts Full call number Barcode Date last seen Copy number Koha item type
Dewey Decimal Classification     JCC Rouf Library JCC Rouf Library General Stacks 02/17/2018   361 REA 1978 10463 08/13/2023 C - 1 Books

JCC Library | Contacts | JCC Home

Last Update on 23 September 2017
Copyright @ 2017-2020 JCC Rouf Library
Rouf Library, Jhenidah Cadet College (JCC), Bangladesh